Statistics for Eagles All-Time Statistical Leaders

Click here to take the quiz!

General Stats

  • This quiz has been taken 46 times
  • The average score is 12 of 21

Answer Stats

Stat#Player% Correct
Pass Attempts4,746Donovan McNabb
93%
Passing Yards32,873Donovan McNabb
93%
Touchdown Passes216Donovan McNabb
93%
Pass Completions2,801Donovan McNabb
93%
Rushing Yards6,792LeSean McCoy
89%
Sacks124Reggie White
80%
Passing Times Sacked422Randall Cunningham
70%
Fumbles89Randall Cunningham
70%
Brian Dawkins
64%
Tackles451Brian Dawkins
64%
Passing Interceptions151Ron Jaworski
57%
Touchdowns79Harold Carmichael
55%
Receiving Yards8,978Harold Carmichael
55%
Receiving Touchdowns79Harold Carmichael
55%
Receptions589Harold Carmichael
55%
Points1,323David Akers
43%
Rushing Touchdowns69Steve Van Buren
34%
Rushing Attempts1,465Wilbert Montgomery
30%
Interceptions34Eric Allen
25%
Tackles for Loss124Trent Cole
20%
Bill Bradley
11%

Score Distribution

Percentile by Number Answered

Percent of People with Each Score

Your Score History

You have not taken this quiz